|
|
|
|
| LEADER |
00000nab a2200000 a 4500 |
| 001 |
vtls008427732 |
| 003 |
SK-MaSNL |
| 005 |
20260303070246.0 |
| 008 |
140328c2005 xo mr|p|||||||000 b|slo |
| 015 |
|
|
|a SNBRB2006/02
|2 snkbucl
|
| 038 |
|
|
|a SNKBUCL
|
| 040 |
|
|
|a SNKBUCL
|b slo
|c SNKBUCL
|e AACR2
|
| 041 |
0 |
|
|a slo
|
| 044 |
|
|
|a xo
|c SK
|
| 080 |
|
|
|a 265.3
|2 1997
|
| 100 |
1 |
|
|a Sirovič, František,
|d 1920-
|4 aut
|9 114871
|
| 245 |
1 |
0 |
|a Eucharistia: sviatostná obeta (podľa sv. Tomáša Akvinského)
|c František Sirovič
|
| 600 |
0 |
7 |
|a Tomáš Akvinský,
|c svätý,
|d 1225-1274
|2 snkbucl
|9 156171
|
| 650 |
0 |
7 |
|a eucharistia
|2 snkbucl
|9 796
|
| 773 |
0 |
|
|t Duchovný pastier
|g Roč. 86, č. 3 (2005), s. 140-144
|x 0139-861X
|
| 852 |
|
|
|a SNK
|b KIS3GCP
|
| 958 |
|
|
|a NT
|
| 999 |
|
|
|c 1754555
|d 1756485
|